000 00651nam a22002177a 4500
003 OSt
005 20260310030549.0
008 260310b |||||||| |||| 00| 0 eng d
020 _a981-4035-85-8.
040 _aDWC-Main lib
_cOC
082 _2 2nd ed.
_aCirc. 657.45 W337a 2003
100 _aWatne, Donald A.
245 _aAuditing EDP systems/
_cDonald A. Watne
250 _a2nd ed.
260 _aSingapore :
_bPearson Education South Asia Pte Ltd,
_c c2003
300 _axiv, 576 p. :
_b ill. ;
_c21 cm.
504 _aIncludes index.
650 _a1. Auditing.
700 _aPeter B. Turney
942 _2ddc
_cBK-CIRC
_e 2nd ed.
_kCirc.
_n0
999 _c8828
_d8828